| 000 | 00354nam a22001457a 4500 | ||
|---|---|---|---|
| 003 | OSt | ||
| 005 | 20160727222348.0 | ||
| 008 | 160621b xxu||||| |||| 00| 0 eng d | ||
| 040 | _ctest | ||
| 100 |
_9306 _aDickens, M, |
||
| 245 | _aSpring Comes to World's Ind. | ||
| 260 |
_aA.Diccolo Book _c1987 |
||
| 300 | _aSpring Comes to World's Ind. | ||
| 942 |
_2ddc _cBK |
||
| 999 |
_c251 _d251 |
||